Interfacing through Microprocessor (Record no. 567)

MARC details
000 -LEADER
Fixed length control field 00454nam a2200169 4500
003 - CONTROL NUMBER IDENTIFIER
Control field SEACOMMC
005 - DATE AND TIME OF LATEST TRANSACTION
Control field 20250416142339.0
008 - FIXED-LENGTH DATA ELEMENTS--GENERAL INFORMATION
Fixed length control field 240918b |||||||| |||| 00| 0 eng d
020 ## - INTERNATIONAL STANDARD BOOK NUMBER / ISBN
International Standard Book Number 81-8371-007-7
Price Rs.145.00
040 ## - CATALOGING SOURCE
Original cataloging agency SEACOMMC
082 ## - DEWEY DECIMAL CLASSIFICATION NUMBER
Classification number 004.418
Book Number R363
100 ## - MAIN ENTRY--PERSONAL NAME
Personal name Reddy, E. Srinivas
245 1# - TITLE STATEMENT
Title Interfacing through Microprocessor
Statement of responsibility E. Srinivas Reddy
260 ## - IMPRINT
Place of publication Chennai
Name of publisher Scitech
Date of publication c 2005
650 ## - SUBJECT ADDED ENTRY--TOPICAL TERM
Topical term Microprocessors
942 ## - ADDED ENTRY ELEMENTS (KOHA)
Koha item type Books
Holdings
Withdrawn status Lost status Source of classification Damaged status Not for loan Home library Current library Date acquired Total Checkouts Call number Accession number Date last seen Price effective from Koha item type
    Dewey Decimal Classification     SEACOM MANAGEMENT COLLEGE SEACOM MANAGEMENT COLLEGE 26/09/2007   004.418 R363 M-204 18/09/2024 18/09/2024 Books
© Seacom Engineering College, All rights reserved.    Powered by Koha